000 00706nam a22002417a 4500
005 20170124110020.0
010 _aA-799688
020 _c95.00
035 _aA-799688
037 _bCen Lib/Ret
040 _aDPL
_bEN
082 _a515.35
_bSHA
100 _aSharma, J.N.
_911067
245 _aDifferental educations :
_cby J.N.Sharma [and] R.K.Gupta
_bwith special functions /
250 _a29th ed.
260 _aMeerut
_bKrishna Prakashan
_c1996-97
270 _a11,Shhivaji road
_bMeerut
_e250001
300 _a544p.
_c20cm(Hb)
650 _aEducarion
_919491
650 _aEarly childhood education
_916763
700 _aGupta, .R.K.
_97313
942 _2ddc
_cEN
_h515.35
_mSHA
999 _c127128
_d127128